00337nam a2200133Ia 4500008004100000020001500041041001200056100001600068245006200084250000900146260003000155300000800185650001000193221030s9999 xx 000 0 und d a8174767707 aEnglish aB. N. Dutta 0aEstimating & Costing in Civil Engineeringcby B. N. Dutta a28th bUBS Pub.aNew Delhic2018 a904 aCivil